Memphis Grizzlies on Other Teams - Statistics

General Stats
  • This quiz has been taken 2 times
  • The average score is 12 of 29
Answer Stats
Picture Answer % Correct
Jason Williams
100%
Jonas Valanciunas
100%
Marc Gasol
100%
Mike Bibby
100%
Mike Conley
100%
Mike Miller
100%
Pau Gasol
100%
Dahntay Jones
50%
Desmond Bane
50%
Dillon Brooks
50%
JaMychal Green
50%
Jaren Jackson Jr.
50%
Kyle Anderson
50%
Shane Battier
50%
Tony Allen
50%
Tyus Jones
50%
Zach Randolph
50%
Courtney Lee
0%
Earl Watson
0%
Grant Long
0%
Greg Anthony
0%
Hakim Warrick
0%
Lorenzen Wright
0%
O.J. Mayo
0%
Othella Harrington
0%
Rudy Gay
0%
Shareef Abdur-Rahim
0%
Stromile Swift
0%
Tony Massenburg
0%
No matching quizzes found
Score Distribution
Percent of People with Each Score
Percentile by Number Answered
Your Score History
You have not taken this quiz